00707cam a22002054a 45000010009000000050017000090080041000260200028000670500023000950820012001181000022001302450041001522500012001932600041002053000039002466500021002856500033003068560087003398560075004261333640920250325130954.0030908s2005 maua b 001 0 eng  a0072871776 (alk. paper)00aHD4901b.B674 200500a3312221 aBorjas, George J.10aLabor economics /cGeorge J. Borjas. a3rd ed. aBoston :bMcGraw-Hill/Irwin,cc2005. axix, 536 p. :bcol. ill. ;c24 cm. 0aLabor economics. 0aLabor marketzUnited States.423Publisher descriptionuhttp://www.loc.gov/catdir/description/mh051/2003065010.html413Table of contentsuhttp://www.loc.gov/catdir/toc/mh041/2003065010.html